000 00929nam a2200277 i 4500
003 DO-SdBNP
005 20240205101649.0
006 a||||fr|||| 00| 0
007 ta
008 240201t2009 dr ad||| |||| 00| 0 spa d
040 _aDO-SdBNP
_bspa
_cBNPHU
_erda
082 4 _222
_bF897c
100 1 _aFrías Muñoz, Octavio,
_eautor
_984832
245 1 0 _aContabilidad operacional II /
_cOctavio Frías Muñoz.
250 _a2da. edición
264 4 _aSanto Domingo :
_bCENTU,
_c2009
300 _a55 páginas :
_bIlustraciones, gráficas ;
_c27 cm.
336 _2rdacontent
_atexto
_btxt
337 _2rdamedia
_asin mediación
_bn
338 _2rdacarrier
_avolumen
_bnc
500 _aLa biblioteca posee v.1, v.2 (segunda edición) y v.3
590 _aInventariado 2024 / MF
650 4 _aContabilidad
_xManuales
_921596
710 2 _aCentro de Tecnología Universal (CENTU), República Dominicana.
_973613
942 _2ddc
_cLBS1
999 _c55760
_d55760